UM Logo

Style & difference / (Record no. 636)

MARC details
000 -LEADER
fixed length control field 00551nam a22001697a 4500
008 - FIXED-LENGTH DATA ELEMENTS--GENERAL INFORMATION
fixed length control field 160114b xxu||||| |||| 00| 0 eng d
082 ## - DEWEY DECIMAL CLASSIFICATION NUMBER
Edition number 2005
Classification number DK12 808.042
Item number G673
100 ## - MAIN ENTRY--PERSONAL NAME
9 (RLIN) 1676
Personal name Gorrell, Donna
245 ## - TITLE STATEMENT
Title Style & difference /
Statement of responsibility, etc. Donna Gorrell.
260 ## - PUBLICATION, DISTRIBUTION, ETC. (IMPRINT)
Place of publication, distribution, etc. Boston :
Name of publisher, distributor, etc. Houghton Mifflin Company,
Date of publication, distribution, etc. 2005.
300 ## - PHYSICAL DESCRIPTION
Extent xiii,302 pages :
Other physical details illustrations ;
Dimensions 21 cm.
500 ## - GENERAL NOTE
General note Includes index.
650 #0 - SUBJECT ADDED ENTRY--TOPICAL TERM
9 (RLIN) 1677
Topical term or geographic name as entry element English language
General subdivision Style
650 #0 - SUBJECT ADDED ENTRY--TOPICAL TERM
9 (RLIN) 1679
Topical term or geographic name as entry element English language
General subdivision Grammar
650 #0 - SUBJECT ADDED ENTRY--TOPICAL TERM
9 (RLIN) 1678
Topical term or geographic name as entry element English language
General subdivision Rhetoric
942 ## - ADDED ENTRY ELEMENTS (KOHA)
Source of classification or shelving scheme Dewey Decimal Classification
Koha item type Circulation
Holdings
Withdrawn status Lost status Source of classification or shelving scheme Damaged status Not for loan Collection code Home library Current library Date acquired Source of acquisition Total Checkouts Full call number Barcode Date last seen Copy number Price effective from Koha item type
    Dewey Decimal Classification     K-12 UM Digos College - LIC UM Digos College - LIC 08/12/2015 Purchased   DK12 808.042 G673 2005 23211 05/15/2025 1 01/14/2016 Circulation